书目信息 |
| 题名: |
高铁新区规划理论与实践
|
|
| 作者: | 李传成 编著 | |
| 分册: | ||
| 出版信息: | 北京 中国建筑工业出版社 2012 |
|
| 页数: | 260页 | |
| 开本: | 29cm | |
| 丛书名: | ||
| 单 册: | ||
| 中图分类: | U291.6 | |
| 科图分类: | ||
| 主题词: | 高速铁路--客运站--交通规划--研究 | |
| 电子资源: | ||
| ISBN: | 978-7-112-14043-5 | |
| 000 | 01229nam0-2200241 450 | |
| 001 | 0100004613 | |
| 005 | 20191106081121.07 | |
| 010 | @a978-7-112-14043-5@dCNY59.00 | |
| 100 | @a20121026d2012 em y0chiy50 ea | |
| 101 | 0 | @achi |
| 102 | @aCN@b110000 | |
| 105 | @aa z 000yy | |
| 200 | 1 | @a高铁新区规划理论与实践@Agao tie xin qu gui hua li lun yu shi jian@f李传成编著 |
| 210 | @a北京@c中国建筑工业出版社@d2012 | |
| 215 | @a260页@c图,照片@d29cm | |
| 312 | @a封面英文题名:The theory and practice in new area planning of high-speed rail station | |
| 330 | @a本书以高铁客站新区规划为研究对象,全面系统地梳理了高铁客站站区规划的相关研究。通过国内大量高铁站区规划案例分析,同时结合普通铁路客站站区空间演变发展及国内外铁路客站站区空间比较研究,得出大量的数据并制成图表,直观地体现了高铁客站影响城市空间发展的规律。具体内容包括高铁客站站区范围界定、功能定位、综合交通规划、新区用地规划、核心区规划设计、新区城市设计和国外客站地区案例研究等方面。 | |
| 510 | 1 | @aTheory and practice in new area planning of high-speed rail station@zeng |
| 606 | 0 | @a高速铁路@x客运站@x交通规划@x研究 |
| 690 | @aU291.6@v5 | |
| 701 | 0 | @a李传成@Ali chuan cheng@f(1974~)@4编著 |
| 801 | 0 | @aCN@c20160515 |
| 905 | @a河南城建学院图书馆@dU291.6@eL130 | |
| 高铁新区规划理论与实践/李传成编著.-北京:中国建筑工业出版社,2012 |
| 260页:图,照片;29cm |
| ISBN 978-7-112-14043-5:CNY59.00 |
| 本书以高铁客站新区规划为研究对象,全面系统地梳理了高铁客站站区规划的相关研究。通过国内大量高铁站区规划案例分析,同时结合普通铁路客站站区空间演变发展及国内外铁路客站站区空间比较研究,得出大量的数据并制成图表,直观地体现了高铁客站影响城市空间发展的规律。具体内容包括高铁客站站区范围界定、功能定位、综合交通规划、新区用地规划、核心区规划设计、新区城市设计和国外客站地区案例研究等方面。 |
| ● |
| 相关链接 |
|
|
|
正题名:高铁新区规划理论与实践
索取号:U291.6/L130
 
预约/预借
| 序号 | 登录号 | 条形码 | 馆藏地/架位号 | 状态 | 备注 |
| 1 | 1284203 | 212842030 | 自科二线504/501自科库 50排3列4层/ [索取号:U291.6/L130] | 在馆 | |
| 2 | 1284204 | 212842049 | 土木与交通工程学院资料室/土木与交通学院资料室 1排1列1层/ [索取号:U291.6/L130] | 在馆 | |
| 3 | 1284205 | 212842058 | 土木与交通工程学院资料室/土木与交通学院资料室 1排1列1层/ [索取号:U291.6/L130] | 在馆 | |
| 4 | 1306356 | 213063566 | 自科库501/501自科库 50排3列4层/ [索取号:U291.6/L130] | 在馆 | |
| 5 | 1306357 | 213063575 | 自科二线504/501自科库 50排3列4层/ [索取号:U291.6/L130] | 在馆 | |
| 6 | 1306358 | 213063584 | 自科二线504/501自科库 50排3列4层/ [索取号:U291.6/L130] | 在馆 | |
| 7 | 1306359 | 213063593 | 自科库501/501自科库 50排3列4层/ [索取号:U291.6/L130] | 在馆 | |
| 8 | 1306360 | 213063600 | 自科库501/501自科库 50排3列4层/ [索取号:U291.6/L130] | 在馆 |